Modeling with technology : Mindtools for conceptual change

Gorde:
Xehetasun bibliografikoak
Egile nagusia: Jonassen, David H.
Formatua: Liburua
Hizkuntza:Undetermined
Argitaratua: New Jersey Pearson Merrill Prentice Hall 2006
Gaiak:
Etiketak: Etiketa erantsi
Etiketarik gabe, Izan zaitez lehena erregistro honi etiketa jartzen!
Thư viện lưu trữ: Trung tâm Học liệu Trường Đại học Cần Thơ
LEADER 00597nam a2200193Ia 4500
001 CTU_117910
008 210402s9999 xx 000 0 und d
020 |c 38.3 
082 |a 371.334 
082 |b J76 
100 |a Jonassen, David H. 
245 0 |a Modeling with technology : Mindtools for conceptual change 
245 0 |c David H. Jonassen 
260 |a New Jersey 
260 |b Pearson Merrill Prentice Hall 
260 |c 2006 
650 |a computer-assisted instruction,computer simulation.,change (psychology) 
904 |i Năm 
980 |a Trung tâm Học liệu Trường Đại học Cần Thơ